Top 30 : Tyla - Statistiques

Statistiques générales
  • Ce quiz a été pris 15 fois
  • Le résultat moyen est 16 sur 30
Statistiques - réponses
Top Titres Featuring % Correct
1 Water
100%
8 Water Marshmello
100%
7 Water - Remix Travis Scott
100%
3 Jump Gunna, Skillibeng
93%
2 PUSH 2 START
86%
18 PUSH 2 START - REMIX Sean Paul
86%
6 ART
71%
15 DYNAMITE Wizkid
71%
29 SHAKE AH Tony Duardo, Optimist Music ZA, Ez Maestro
71%
4 Truth or Dare
71%
30 CHANEL
64%
9 IS IT
57%
5 Show Me Love WizTheMc, bees & honey
57%
12 BLISS
50%
10 No.1 Tems
50%
14 Safer
50%
20 Butterflies
43%
16 Girl Next Door Ayra Starr
43%
23 On My Body Becky G
43%
17 On and On
36%
25 Been Thinking
29%
28 Girls Need Love (Girls Mix) Summer Walker
29%
21 PBT Travis Scott, Vybz Kartel
29%
11 When I'm With You LISA
29%
26 BACK to YOU
21%
19 Breathe Me
21%
27 Getting Late KOOLDRINK
21%
24 Talk to Me Damiano David, Nile Rodgers
21%
13 ONE CALL SPINALL, Omah Lay
14%
22 To Last
14%
Aucun quiz correspondant
Distribution des résultats
% des personnes avec chaque résultat
Percentile par nombre de réponses
Votre historique - résultats
Vous n’avez pas pris ce quiz